| 000 | 00636nam a2200229 a 4500 | ||
|---|---|---|---|
| 999 |
_c5898 _d5898 |
||
| 001 | 5898 | ||
| 003 | BD-JhCC | ||
| 005 | 20171230172922.0 | ||
| 008 | 171230s1977 bg |||| || | 000 0 ben d | ||
| 035 | _a(BD-JhCC)5898 | ||
| 040 |
_aBD-JhCC _dBD-JhCC |
||
| 041 | _aben | ||
| 082 |
_a891.44 _bPRE 1977 |
||
| 100 | _aপ্রেমচান্দ | ||
| 245 |
_aললিতা / _cজাফর আলম |
||
| 260 |
_aঢাকা : _bমুক্তধারা প্রকাশনী, _c1977. |
||
| 300 |
_a96 p. : _c22 cm. |
||
| 650 | _aBengali Novel | ||
| 700 | _aআলম, জাফর | ||
| 942 |
_2ddc _cBK |
||